A short history of ancient Egypt
محفوظ في:
المؤلف الرئيسي:
التنسيق: كتاب
اللغة: Undetermined
منشور في:
Pittsburgh
Carnegie Museum of Natural History
1990
الوسوم: إضافة وسم
لا توجد وسوم, كن أول من يضع وسما على هذه التسجيلة!
رقم الطلب: (P)DT60 .O26 1990
| LEADER | 00368nam a2200133Ia 4500 | ||
|---|---|---|---|
| 008 | 240503s9999||||xx |||||||||||||| ||und|| | ||
| 020 | |a 911239162 | ||
| 050 | 4 | |a (P)DT60 .O26 1990 | |
| 100 | 1 | |a David B. O'Connor | |
| 245 | 1 | 2 | |a A short history of ancient Egypt |
| 264 | 1 | |a Pittsburgh |b Carnegie Museum of Natural History |c 1990 | |
| 300 | |a 40 |c 23 | ||
| 942 | |2 lcc |c PT | ||
| 999 | |c 58260 |d 58260 | ||
